All About Florida Quiz - Statistics

General Stats
  • This quiz has been taken 15 times
  • The average score is 5 of 17
Answer Stats
Hint Answer % Correct
Most visited resort in the entire world that opened in 1971 Walt Disney World Resort
92%
Total number of Presidents born in Florida Zero
83%
The most famous crop from Florida Oranges
58%
The oldest European Settlement in North America Saint Augustine
58%
Location from which the Apollo 11 Astronauts were launched Kennedy Space Center
50%
Tallahassee was named the capital of Florida as it was equidistant between the population centers of Saint Augustine and this city Pensacola
50%
Largest lake in Florida Lake Okeechobee
42%
The longest river entirely within the state of Florida St. Johns River
33%
Swampland and national park in the southwest corner of the peninsula Everglades National Park
25%
Famous street in Miami notable for its Cuban influence Calle Ocho
8%
The location of the prison in which Samuel Mudd (the doctor who fixed John Wilkes Booth's broken leg following his assassination of President Lincoln) was held following his conviction on charges of conspiracy to murder Lincoln Dry Tortugas
8%
Location of a 2016 mass shooting that left 49 dead Pulse Nightclub
8%
The number of votes that sent George W Bush to the White House over Al Gore in the 2000 Presidential Race 537 votes
0%
Treaty that ceded control of Florida to the United States Adams-Onís Treaty
0%
Song by the band Yellowcard that, according to the band, is written about Jacksonville Ocean Avenue
0%
The city on Lake Monroe that was once a crucial trading port along Florida's longest river Sanford
0%
Novel published in 1937 that is set in central Florida and is widely regarded as a masterpiece of the Harlem Renaissance Their Eyes Were Watching God
0%
No matching quizzes found
Score Distribution
Percent of People with Each Score
Percentile by Number Answered
Your Score History
You have not taken this quiz